[Event "I Teller Ede Mem WGM"]
[Site "Paks HUN"]
[Date "2009.10.03"]
[Round "8"]
[White "Vajda,S"]
[Black "Toth,Li"]
[Result "1-0"]
[WhiteElo "2375"]
[BlackElo "2171"]

1.e4 e6 2.d4 d5 3.Nd2 Be7 4.Bd3 c5 5.dxc5 Nf6 6.exd5 Qxd5 7.Ngf3 O-O 8.O-O Qxc5
9.Ne4 Nxe4 10.Bxe4 Nd7 11.Be3 Qc7 12.c3 Nf6 13.Bc2 Rd8 14.Qe2 Bd7 15.Bd4 Bc6
16.Ne5 Bd5 17.Rfd1 b6 18.c4 Bb7 19.a3 Rac8 20.b4 Bd6 21.Rac1 Qe7 22.Ba4 Ne8
23.c5 bxc5 24.bxc5 Bxe5 25.Qxe5 f6 26.Qe3 Bd5 27.c6 Rc7 28.Bc5 Qf7 29.Bb4 Rb8
30.Rc3 Qg6 31.f3 Qg5 32.Qxg5 fxg5 33.Ba5 Re7 34.c7 Rc8 35.Rb1 e5 36.Rb8 Be6
37.Bb3  1-0

[Event "14th ECC w"]
[Site "Ohrid MKD"]
[Date "2009.10.04"]
[Round "1"]
[White "Krupa,M"]
[Black "Paehtz,E"]
[Result "0-1"]
[WhiteElo "2219"]
[BlackElo "2482"]

1.e4 e6 2.d4 d5 3.Nd2 Nc6 4.Ngf3 Nf6 5.e5 Nd7 6.Bb5 a6 7.Bxc6 bxc6 8.O-O c5
9.c3 a5 10.Qa4 cxd4 11.cxd4 Be7 12.Re1 O-O 13.Nb3 Nb6 14.Qc6 a4 15.Nc5 Bd7
16.Nxd7 Qxd7 17.Qxd7 Nxd7 18.Be3 c5 19.dxc5 Nxc5 20.Bxc5 Bxc5 21.Rac1 Ba7
22.Rc7 h6 23.Rec1 g5 24.h3 Bb6 25.R7c6 Rfb8 26.g4 Kg7 27.R1c2 Ra5 28.Kg2 Rb5
29.Kg3 Rb4 30.a3 Re4 31.Kg2 Rb7 32.Rc8 Ba7 33.Ra8 Bb8 34.Ra6 Ra7 35.Rxa7 Bxa7
36.Kf1 Bb8 37.Re2 Rc4 38.Rd2 Kg6 39.Ke1 Ba7 40.Ke2 Bb8 41.Rd3 h5 42.gxh5+ Kxh5
43.Kd2 Ba7 44.b3 axb3 45.Rxb3 Ra4 46.Ke2 Bc5 47.Rb8 Rxa3 48.Rh8+ Kg6 49.Rg8+ Kh7
50.Rxg5 Ra2+ 51.Kd3 Rxf2 52.Rg3 Be7 53.Ke3 Ra2 54.h4 Ra3+ 55.Ke2 Ra4 56.Kf1 Rf4
57.Kg2 Rf5 58.Rg4 Bf8 59.Ra4 Bg7 60.Ra7 Kg6  0-1

[Event "74th ch-ESP Absoluto"]
[Site "Palma de Mallorca ESP"]
[Date "2009.10.04"]
[Round "9"]
[White "Ensenat Calafell,J"]
[Black "Masso Catala,J"]
[Result "1-0"]
[WhiteElo "1810"]
[BlackElo "1529"]

1.e4 e6 2.d4 d5 3.Nd2 Nc6 4.c3 e5 5.Ngf3 Bg4 6.Qa4 dxe4 7.Nxe5 Bd7 8.Nxd7 Qxd7
9.Bb5 O-O-O 10.Nc4 a6 11.Bxc6 Qxc6 12.Qxc6 bxc6 13.Ne5 Nh6 14.Bxh6 gxh6 15.Nxf7 Rg8
16.Nxd8 Kxd8 17.g3 Bd6 18.Rd1 Ke8 19.c4 c5 20.dxc5 Bxc5 21.Rd5  1-0

[Event "14th ECC w"]
[Site "Ohrid MKD"]
[Date "2009.10.10"]
[Round "7"]
[White "Dembo,Y"]
[Black "Rudolf,An"]
[Result "1-0"]
[WhiteElo "2482"]
[BlackElo "2286"]

1.e4 e6 2.d4 d5 3.Nd2 Nc6 4.Ngf3 Nf6 5.e5 Nd7 6.c3 f6 7.Bb5 Be7 8.Qe2 O-O
9.O-O fxe5 10.Nxe5 Ncxe5 11.dxe5 Nc5 12.Qg4 Bd7 13.Be2 Qe8 14.f4 Qf7 15.Nf3 Ne4
16.Be3 c5 17.Qh3 Rad8 18.Bd3 h6 19.Rae1 Bc6 20.Nh4 a6 21.Bc1 b5 22.Bc2 a5
23.Qg4 Be8 24.Qh3 Bd7 25.Nf3 Bc6 26.Nd2 Nxd2 27.Bxd2 d4 28.cxd4 Rxd4 29.Be3 Be4
30.Bxd4 Bxc2 31.Be3 c4 32.Qf3 Bb4 33.Rc1 Qg6 34.Rf2 Be4 35.Qg3 Qf5 36.Qh4 Qf7
37.a3 Be7 38.Qg3 Qh5 39.Rd2 Bd5 40.Qf2 Bh4 41.Qe2 Qf5 42.Rcd1 Rd8 43.Bb6 Rf8
44.Bxa5 Qxf4 45.Rf1 Qg5 46.Rxf8+ Kxf8 47.Rd1 Kg8 48.Be1 Qf4 49.Bxh4 Qxh4
50.Qf2 Qe4 51.Re1 Qd3 52.h3 Kh7 53.Re3 Qd4 54.Kh2 Kg8 55.Qe2 Qf4+ 56.Kh1 Kh8
57.Qe1 Qd4 58.Qc3 Qf4 59.Rg3 Qf2 60.Kh2 Kh7 61.Rg4 h5 62.Qg3 Qf7 63.Rf4 Qe7
64.Qh4 Qe8 65.g4 Kg8 66.gxh5 Bb7 67.h6  1-0

[Event "Chigorin Mem Open"]
[Site "St Petersburg RUS"]
[Date "2009.10.16"]
[Round "1"]
[White "Lafuente,P"]
[Black "Manukyan,S"]
[Result "1/2-1/2"]
[WhiteElo "2559"]
[BlackElo "2199"]

1.e4 e6 2.d4 d5 3.Nd2 Be7 4.Ngf3 Nf6 5.Bd3 c5 6.exd5 Qxd5 7.Bc4 Qh5 8.O-O O-O
9.Nb3 Rd8 10.Qe2 cxd4 11.Nbxd4 a6 12.Bf4 Bd7 13.Ne5 Qxe2 14.Bxe2 Be8 15.Rfd1 Nd5
16.Bg3 Nd7 17.Nc4 Nc5 18.Na5 Bf6 19.Bf3 Rd7 20.c4 Nb4 21.Ndb3 Nxb3 22.axb3 Bxb2
23.Rxd7 Bxd7 24.Rb1 Bc3 25.Bxb7 Re8 26.Rc1 Bf6 27.Bd6 Be7 28.Bxe7 Rxe7 29.Rd1 Kf8
30.Rd6 Be8 31.Rb6 Rd7 32.Bf3 Rd2 33.Rxb4 Ra2 34.Kf1 Rxa5 35.Rb8 Ke7 36.Ke2 Ra2+
37.Ke3 a5 38.Ra8 Ra3 39.Ra7+ Kd6 40.Kd4 e5+ 41.Kc3 Ra2 42.Ra6+ Kc7 43.c5 f5
44.Ra7+ Kd8 45.Bd5 Ra1 46.Bc4 Ra2 47.Rxg7 Rxf2 48.Bd5 Rf1 49.Kd2 Rf2+ 50.Kd3 Bb5+
51.Kc3 Rf1 52.Bc4 Bxc4 53.Kxc4 Rd1 54.Rxh7 e4 55.Rh6 e3 56.Re6 f4 57.Re4 Kd7
58.h4 Rh1 59.h5 Rxh5 60.Kb5 Rf5 61.Kb6 Rf6+ 62.Kb7 Re6 63.Rxe6 Kxe6 64.c6 e2
65.c7 e1=Q 66.c8=Q+ Kf6 67.Qf8+ Kg5 68.Qg7+ Kf5 69.Qh7+ Kg5 70.Qg8+ Kf6 71.Qd8+ Kf5
72.Qd7+ Kf6 73.Qd6+ Kf5 74.Qd5+ Qe5 75.Kc6 Qxd5+ 76.Kxd5 Kg4 77.Ke5 Kg5 78.Ke4 Kg4
79.Ke5 Kg5  1/2-1/2

[Event "Bundesliga 2009-10"]
[Site "Eppingen GER"]
[Date "2009.10.17"]
[Round "1"]
[White "Seger,R"]
[Black "Kotainy,J"]
[Result "1/2-1/2"]
[WhiteElo "2407"]
[BlackElo "2243"]

1.e4 e6 2.d4 d5 3.Nd2 Be7 4.c3 c5 5.dxc5 Nf6 6.exd5 exd5 7.Nb3 O-O 8.Nf3 a5
9.a4 Re8 10.Bb5 Bd7 11.Bxd7 Nbxd7 12.O-O Nxc5 13.Nxc5 Bxc5 14.Bg5 Ra6 15.Qd3 Qd7
16.Rfd1 Ne4 17.Be3 Bxe3 18.Qxe3 Rg6 19.Re1 Qg4 20.g3 Rge6 21.Qf4 Qxf4 22.gxf4 Nd2
23.Rxe6 Nxf3+ 24.Kg2 Nh4+ 25.Kh3 fxe6 26.Kxh4 Rc8 27.Re1 Kf7 28.f5 exf5  1/2-1/2

[Event "Bundesliga 2009-10"]
[Site "Wattenscheid GER"]
[Date "2009.10.17"]
[Round "1"]
[White "Handke,F"]
[Black "Jorczik,J"]
[Result "0-1"]
[WhiteElo "2513"]
[BlackElo "2374"]

1.e4 e6 2.d4 d5 3.Nd2 Be7 4.Ngf3 Nf6 5.e5 Nfd7 6.Bd3 c5 7.c3 b6 8.O-O Ba6
9.Bxa6 Nxa6 10.Qa4 Qc8 11.c4 O-O 12.cxd5 exd5 13.Nb1 cxd4 14.Qxd4 Nb4 15.Na3 Re8
16.Bf4 Nf8 17.Qd2 Ne6 18.Nb5 Qc4 19.Nbd4 Nxd4 20.Nxd4 Nd3 21.Rfd1 Qxd4 22.Bg3 Qxb2
23.Qxd3 Rad8 24.f4 Bc5+ 25.Kh1 d4 26.Bh4 Be7 27.Bxe7 Rxe7 28.Rac1 Red7 29.Qh3 h6
30.e6 fxe6 31.Qxe6+ Kh8 32.Rc8 Qb5 33.Rxd8+ Rxd8 34.Qe7 Re8 35.Qxa7 Qe2 36.Rg1 d3
37.f5 Qf2 38.f6 Qxf6 39.Qd7 Rd8 40.Qg4 d2 41.h3 Qd6 42.Rd1 Re8 43.Qh4 Re2
44.Kg1 Qg6 45.g4 Qe4  0-1

[Event "Bundesliga 2009-10"]
[Site "Solingen GER"]
[Date "2009.10.18"]
[Round "2"]
[White "Ginsburg,G"]
[Black "Nikolic,Pr"]
[Result "1/2-1/2"]
[WhiteElo "2537"]
[BlackElo "2603"]

1.e4 e6 2.d4 d5 3.Nd2 a6 4.Ngf3 c5 5.exd5 exd5 6.dxc5 Bxc5 7.Nb3 Bb6 8.Bd3 Qe7+
9.Qe2 Nc6 10.c3 Bg4 11.O-O Qxe2 12.Bxe2 Nf6 13.h3 Bh5 14.g4 Bg6 15.Nfd4 Nxd4
16.Nxd4 Bxd4 17.cxd4 Ne4 18.Bf4 Kd7 19.Rac1 Rac8 20.Rfd1 f6 21.Kg2 Nd6 22.Rc5 b6
23.Rxc8 Rxc8 24.Rc1 Rxc1 25.Bxc1 a5 26.h4 Bb1 27.a3 Bc2 28.Kg3 Ke6 29.Kf4 h6
30.Bf1 g5+ 31.hxg5 hxg5+ 32.Kg3 Bb1 33.f3 Bc2 34.Be2 Bb1 35.Kf2 Bc2 36.Ke1 Nc4
37.Kf2 b5 38.Kg3 b4 39.axb4 axb4 40.f4 b3 41.fxg5 fxg5 42.Kf2 Kf6 43.Bf3 Ke6
44.Ke1 Kd6 45.Be2 Kc6 46.Bxc4 dxc4 47.Bxg5 Kd5 48.Kd2 Kxd4 49.Bf6+  1/2-1/2

[Event "Chigorin Mem Open"]
[Site "St Petersburg RUS"]
[Date "2009.10.18"]
[Round "3"]
[White "Atlas,E"]
[Black "Sichinava,Z"]
[Result "0-1"]
[WhiteElo "2060"]
[BlackElo "2331"]

1.e4 e6 2.d4 d5 3.Nd2 Be7 4.Ngf3 Nf6 5.e5 Nfd7 6.Bd3 c5 7.c3 Nc6 8.Bb5 Qb6
9.Bxc6 bxc6 10.O-O cxd4 11.cxd4 Ba6 12.Re1 c5 13.Nb3 cxd4 14.Nfxd4 Nc5 15.Qg4 Nd3
16.Qxg7 Kd7 17.Be3 Nxe1 18.Rxe1 Raf8 19.Nf5 Rhg8 20.Qh6 Qb4 21.Bd2 Qg4 22.Ng3 Rc8
23.Qe3 Rc7 24.h3 Qa4 25.Nh5 Bb7 26.Nf6+ Bxf6 27.Nc5+ Rxc5 28.Qxc5 Be7 29.Qc1 d4  0-1

[Event "Chigorin Mem Open"]
[Site "St Petersburg RUS"]
[Date "2009.10.19"]
[Round "4"]
[White "Frolochkin,V"]
[Black "Ponfilenok,V"]
[Result "0-1"]
[WhiteElo "2305"]
[BlackElo "2440"]

1.e4 e6 2.d4 d5 3.Nd2 a6 4.Bd3 c5 5.Ngf3 Nf6 6.e5 Nfd7 7.c3 Nc6 8.O-O g5
9.h4 h6 10.g4 gxh4 11.Kh1 Be7 12.a3 Qb6 13.Qe2 cxd4 14.c4 Nc5 15.Bc2 Bd7
16.b4 d3 17.Bxd3 Nxd3 18.Qxd3 dxc4 19.Nxc4 Qb5 20.Rd1 Rd8 21.a4 Nxb4 22.axb5 Nxd3
23.Rxd3 Bxb5 24.Rxd8+ Kxd8 25.Nfd2 h5 26.g5 Bc6+ 27.Kh2 Bxg5 28.Nd6 Bf4+
29.Kh3 Rg8 30.N2c4 Rg1 31.Bb2 Rg2 32.Rh1 Rxf2 33.Bd4 Re2 34.Bb6+ Kd7 35.Ne4 Bxe4
36.Rd1+ Kc6 37.Bg1 Bg5 38.Rd6+ Kb5  0-1

[Event "Chigorin Mem Open"]
[Site "St Petersburg RUS"]
[Date "2009.10.21"]
[Round "6"]
[White "Panjkov,O"]
[Black "Poghosyan,S"]
[Result "0-1"]
[WhiteElo "2054"]
[BlackElo "2255"]

1.e4 e6 2.d4 d5 3.Nd2 Be7 4.Ngf3 Nf6 5.Bd3 c5 6.dxc5 a5 7.O-O O-O 8.exd5 Qxd5
9.Qe2 Nbd7 10.Ne4 Nxe4 11.Bxe4 Qxc5 12.Be3 Qh5 13.c4 f5 14.Bc2 e5 15.Bd2 Bc5
16.Bc3 Ra6 17.Nd4 Qg5 18.Nf3 Qg4 19.h3 Qh5 20.Nd4 Qg5 21.Nf3 Qe7 22.Rfe1 e4
23.Nd4 Rg6 24.Nb3 Qh4 25.Kf1 Ba7 26.Bd4 Bb8 27.Qd2 b6 28.Be3 f4 29.Qd5+ Kh8
30.Qxe4 Bb7 31.Qxb7 fxe3 32.Ke2 Qxf2+ 33.Kd1 Rd6+  0-1

[Event "8th TCh-Eur w"]
[Site "Novi Sad SRB"]
[Date "2009.10.22"]
[Round "1"]
[White "Zimina,O"]
[Black "Mkrtchian,L"]
[Result "0-1"]
[WhiteElo "2319"]
[BlackElo "2469"]

1.e4 e6 2.d4 d5 3.Nd2 Nc6 4.Ngf3 Nf6 5.e5 Nd7 6.c3 f6 7.Bd3 fxe5 8.dxe5 Ndxe5
9.Nxe5 Nxe5 10.Qh5+ Nf7 11.Bxh7 Bd7 12.Nf3 Qf6 13.Ng5 Bd6 14.h4 e5 15.Be3 Kf8
16.O-O-O c6 17.f4 exf4 18.Rhf1 g6 19.Nxf7 gxh5 20.Nxd6 Qxd6 21.Bxf4 Qe6 22.Be5+ Ke7
23.Bxh8 Qh6+ 24.Rd2 Rxh8  0-1

[Event "Chigorin Mem Open"]
[Site "St Petersburg RUS"]
[Date "2009.10.22"]
[Round "7"]
[White "Matsenko,S"]
[Black "Vysochin,S"]
[Result "0-1"]
[WhiteElo "2429"]
[BlackElo "2550"]

1.e4 e6 2.d4 d5 3.Nd2 Nc6 4.Ngf3 Nf6 5.e5 Nd7 6.Be2 Be7 7.b3 f6 8.Bb2 O-O
9.O-O a5 10.a3 fxe5 11.Nxe5 Ncxe5 12.dxe5 Rf7 13.Bg4 Nf8 14.Qe2 b6 15.a4 Ba6
16.c4 Bb4 17.Nf3 Rf4 18.Bh3 dxc4 19.Qe3 Rf7 20.Ng5 Re7 21.Rfd1 Qe8 22.Rac1 Rd8
23.bxc4 Bxc4 24.Qf3 Red7 25.Rxd7 Qxd7 26.g3 Bd5 27.Qg4 Bd2 28.Ra1 Bxg5 29.Qxg5 Bc6
30.Bg2 Bxg2 31.Kxg2 Qd5+ 32.Kg1 Qd2 33.Bc1 Qd1+ 34.Kg2 Ng6 35.Bf4 Qd5+ 36.Kg1 Rf8
37.Qg4 Nxe5 38.Qd1 Nf3+ 39.Kg2 Nd4+ 40.Kg1 Rd8  0-1

[Event "8th TCh-Eur w"]
[Site "Novi Sad SRB"]
[Date "2009.10.23"]
[Round "2"]
[White "Peptan,C"]
[Black "Rudolf,An"]
[Result "1-0"]
[WhiteElo "2387"]
[BlackElo "2286"]

1.e4 e6 2.d4 d5 3.Nd2 Be7 4.c3 c5 5.dxc5 Bxc5 6.Bd3 Nc6 7.Ngf3 Nf6 8.Qe2 dxe4
9.Nxe4 Be7 10.O-O O-O 11.Nxf6+ Bxf6 12.Qe4 g6 13.Bh6 Re8 14.Rad1 Qe7 15.Bb5 Bd7
16.Rd2 e5 17.Rfd1 Red8 18.h3 Rac8 19.Qe3 a6 20.Bxc6 Bxc6 21.Rxd8+ Rxd8 22.Rxd8+ Qxd8
23.Nxe5 Qd1+ 24.Kh2 Qd6 25.Bf4 Bxe5 26.Bxe5 Qe6 27.Qf4 Kf8 28.Bf6 Bd7 29.Bd4 Ke7
30.Qh4+ Kd6 31.b3 h5 32.Qd8 Qd5 33.b4 Qf5 34.Qb8+ Kc6 35.Be5 Kb6 36.c4 Bc8
37.Qc7+ Ka7 38.c5  1-0

[Event "17th TCh-Eur"]
[Site "Novi Sad SRB"]
[Date "2009.10.23"]
[Round "2"]
[White "Salgado Lopez,I"]
[Black "Cvek,R"]
[Result "1-0"]
[WhiteElo "2555"]
[BlackElo "2518"]

1.e4 e6 2.d4 d5 3.Nd2 Be7 4.e5 c5 5.Qg4 g6 6.dxc5 Nd7 7.Bb5 Qc7 8.Ngf3 Qxc5
9.Bd3 h5 10.Qf4 Qb4 11.Qxb4 Bxb4 12.a3 Bf8 13.c4 Bg7 14.cxd5 exd5 15.O-O Ne7
16.Re1 Nc5 17.Bf1 Bf5 18.Nd4 Bd3 19.b4 Bxf1 20.bxc5 Ba6 21.N2f3 Rc8 22.e6 O-O
23.Bf4 fxe6 24.Be5 Bxe5 25.Nxe5 Rf4 26.Nxe6 Ra4 27.h3 Bb5 28.Rab1 a6 29.Rb4 Nc6
30.Rxa4 Bxa4 31.Nd7 Bb3 32.Rb1 Na5 33.Nd4 Rc7 34.Ne5 Ba4 35.Nxg6 Rxc5 36.Re1 Kf7
37.Ne5+ Kf6 38.Nd3 Rc3 39.Re6+ Kg7 40.Nf4 h4 41.Nxd5 Rd3 42.Nf5+ Kf8 43.Nf4 Rd1+
44.Kh2 Bd7 45.Rf6+ Ke8 46.Nxh4 Nc4 47.Nhg6 Kd8 48.Ne2 Nxa3 49.h4 Re1 50.h5 Nc4
51.h6 Nd2 52.Ng3  1-0

[Event "WJun"]
[Site "Puerto Madryn ARG"]
[Date "2009.10.23"]
[Round "2"]
[White "Bajarani,U"]
[Black "Grigoryan,Av"]
[Result "1/2-1/2"]
[WhiteElo "2392"]
[BlackElo "2515"]

1.e4 e6 2.d4 d5 3.Nd2 Nc6 4.Ngf3 Nf6 5.e5 Nd7 6.Be2 f6 7.exf6 Qxf6 8.Nf1 Bd6
9.Ne3 O-O 10.O-O Qg6 11.c4 Nf6 12.c5 Be7 13.Bb5 Bd7 14.Bxc6 Bxc6 15.Ne5 Qe8
16.Qc2 Bb5 17.Rd1 a5 18.a4 Ba6 19.f3 b6 20.c6 Bd6 21.b3 Qe7 22.Re1 Nh5 23.N3g4 Rf5
24.g3 Raf8 25.f4 Nf6 26.Ne3 Rh5 27.Qa2 Ne4 28.Ba3 Nc3 29.Qb2 Ne2+ 30.Rxe2 Bxa3
31.Rxa3 Bxe2  1/2-1/2

[Event "Chigorin Mem Open"]
[Site "St Petersburg RUS"]
[Date "2009.10.23"]
[Round "8"]
[White "Gorovykh,E"]
[Black "Poghosyan,S"]
[Result "1-0"]
[WhiteElo "2403"]
[BlackElo "2255"]

1.e4 e6 2.d4 d5 3.Nd2 Be7 4.Ngf3 Nf6 5.Bd3 c5 6.e5 Nfd7 7.c3 b6 8.O-O Ba6
9.Ne1 Qc8 10.Qg4 g6 11.Ndf3 Nc6 12.Bh6 Qb7 13.Qf4 Bxd3 14.Nxd3 c4 15.Nde1 b5
16.Nc2 Bf8 17.Bxf8 Rxf8 18.Qh6 O-O-O 19.Qxh7 Nb6 20.Qh6 Ne7 21.Rfb1 Nf5 22.Qc1 g5
23.Nxg5 Rh8 24.Ne3 Nh4 25.Qd2 Rdg8 26.f4 Qe7 27.Rf1 Nd7 28.g3 Ng6 29.Ng4 Rh5
30.a4 b4 31.cxb4 Rgh8 32.Rf2 Qe8 33.a5 Ne7 34.b3 Nf5 35.Qc3 Kb8 36.bxc4 dxc4
37.Rc1 Qc8 38.Qxc4 Qb7 39.Qc6 Nxg3 40.Qxb7+ Kxb7 41.Nxf7 Rg8 42.hxg3  1-0

[Event "17th TCh-Eur"]
[Site "Novi Sad SRB"]
[Date "2009.10.24"]
[Round "3"]
[White "Bogut,Z"]
[Black "Kindermann,S"]
[Result "1/2-1/2"]
[WhiteElo "2442"]
[BlackElo "2529"]

1.e4 e6 2.d4 d5 3.Nd2 Be7 4.Ngf3 Nf6 5.Bd3 c5 6.exd5 Qxd5 7.dxc5 Nbd7 8.Nb3 Nxc5
9.Nxc5 Qxc5 10.O-O O-O 11.Be3 Qh5 12.Nd4 Qxd1 13.Rfxd1 Bd7 14.Nb3 Rfc8 15.c3 Ba4
16.Be2 Nd5 17.Bd4 f6 18.Bf3 b6 19.Re1 Kf7 20.g3 Bc6 21.Bg4 Nc7 22.f4 Rd8
23.Bf2 Bd5 24.Nd4 Bc5 25.a4 a5 26.Rac1 Re8 27.b4 axb4 28.cxb4 Bd6 29.Nc6 Na6
30.b5 Nc5 31.a5 Bxc6 32.axb6 Bd5 33.Bxc5 Bxc5+ 34.Rxc5 Rab8 35.f5 Rxb6 36.Bh5+ g6
37.Rc7+ Re7 38.fxg6+ hxg6 39.Bxg6+ Kf8 40.Rxe7 Kxe7 41.Bd3 Kd6 42.Kf2 f5
43.Ke3 Rb8 44.Rb1 Rf8 45.b6 Bb7 46.Rc1 e5 47.Rc7 Bd5 48.Rg7 f4+ 49.gxf4 Rxf4
50.b7 Rf3+ 51.Ke2 Bxb7 52.Rxb7 Rh3 53.Bf5 Rxh2+ 54.Ke3 Rh4 55.Rd7+ Kc6 56.Rd8 Rd4
57.Re8 Kd6 58.Re6+ Kd5 59.Rh6 Rb4 60.Ra6 Rb3+ 61.Bd3 Rb4 62.Bf5 Rb3+ 63.Kd2 Rg3
64.Be6+ Kc5 65.Ra5+ Kd4 66.Ra4+ Kc5 67.Bf5 Kd5 68.Be4+ Kc5 69.Ra5+ Kd6 70.Rd5+ Ke6
71.Rc5 Kf6 72.Ke2 Rh3 73.Bf3 Kf5 74.Ke3 Rh4 75.Rc8 Rf4 76.Bd5 Kf6 77.Be4 Rh4
78.Rc6+ Ke7 79.Bf5 Kf7 80.Re6 Rh1 81.Ra6 Rh4 82.Be6+ Ke7 83.Ba2 Kd7 84.Rg6 Ra4
85.Be6+ Kc7 86.Bf5 Rf4 87.Bg4 Ra4 88.Kf3 Rd4 89.Re6 Rf4+ 90.Kg3 Re4 91.Bf5 Re1
92.Kf2 Ra1 93.Rxe5 Ra3 94.Rd5 Kc6 95.Be4 Kc7 96.Bd3 Kc6 97.Rd4 Kc5 98.Ke3 Ra7
99.Rg4 Rd7 100.Be4 Rd8 101.Rg5+ Kc4 102.Rg1 Kc5 103.Rc1+ Kb6 104.Kf4 Re8
105.Rc6+ Kb5 106.Rd6 Kc5 107.Rd5+ Kc4 108.Ke3 Re7 109.Rd1 Kc5 110.Rc1+ Kd6
111.Kd4 Ra7 112.Rc6+ Kd7 113.Rg6 Ra1 114.Ke5 Kc7 115.Rg7+ Kb6 116.Kd6 Kb5
117.Bd5 Kb4 118.Rc7 Rd1 119.Rc4+ Kb5 120.Rc3 Rd4 121.Rc8 Kb4 122.Rb8+ Kc3
123.Kc5 Rh4 124.Rb3+ Kc2 125.Bc4 Rh8 126.Re3 Kd2 127.Ra3 Rd8 128.Bd5 Ke2
129.Kd4 Kf2 130.Rf3+ Ke2 131.Rf7 Rd6 132.Rf8 Rd7 133.Rg8 Kf1 134.Rg5 Kf2
135.Rg2+ Kf1 136.Rd2 Ke1 137.Ra2 Rd8 138.Ke4 Rd7 139.Rh2 Kd1 140.Bc6 Rd2
141.Rh1+ Kc2 142.Bb5 Kc3 143.Ke3 Rd5  1/2-1/2

[Event "WJun"]
[Site "Puerto Madryn ARG"]
[Date "2009.10.24"]
[Round "4"]
[White "Macias Murillo,B"]
[Black "Grigoryan,Av"]
[Result "0-1"]
[WhiteElo "2363"]
[BlackElo "2515"]

1.e4 e6 2.d4 d5 3.Nd2 Nc6 4.Ngf3 Nf6 5.e5 Nd7 6.c3 f6 7.exf6 Qxf6 8.Be2 Bd6
9.Nf1 e5 10.dxe5 Ncxe5 11.Nxe5 Nxe5 12.Qxd5 Be6 13.Qxb7 O-O 14.Be3 Rab8 15.Qe4 Bd7
16.O-O-O Kh8 17.Ng3 Qf7 18.Qb1 Ba3 19.Rd2 Rxb2 20.Rxb2 Rb8 21.Rd1 Rxb2 22.Qxb2 Bxb2+
23.Kxb2 a5 24.Rd4 h6 25.Re4 Qd5 26.Bd4 Nc6 27.Bc4 Qd6 28.Be3 Ne5 29.Bb3 c5
30.a4 Bc6 31.Rh4 Bd5 32.Bc2 Nc4+ 33.Kc1 Qe5 34.Rh5 Qxc3 35.Rxd5 Qa1+ 36.Bb1 Qb2+
37.Kd1 Nxe3+  0-1

[Event "Corsica Masters"]
[Site "Bastia FRA"]
[Date "2009.10.25"]
[Round "1"]
[White "Balducchi,F"]
[Black "Lasinskas,P"]
[Result "1/2-1/2"]
[WhiteElo "1708"]
[BlackElo "2229"]

1.e4 e6 2.d4 d5 3.Nd2 Nc6 4.Ne2 e5 5.exd5 Nxd4 6.Nxd4 exd4 7.Nf3 Qxd5 8.Qxd4 Qxd4
9.Nxd4 a6 10.Bg5 Be7 11.Bxe7 Nxe7 12.Bd3 O-O 13.O-O Rd8 14.Nf3 Bg4 15.Be4 Bxf3
16.Bxf3 c6 17.Rad1 Kf8 18.Be4 h6 19.Rfe1 Ke8 20.Bd3 Kf8 21.Be4 Rxd1 22.Rxd1 Ke8
23.Bf3 Rd8 24.Rxd8+ Kxd8 25.Kf1 Kd7 26.Ke2 Kd6 27.Kd3 a5 28.Be4 f5 29.Bf3 g5
30.Kd4 Ng6 31.g3 Ne5 32.Be2 Ng6 33.a3 b6 34.Bd3 c5+ 35.Kc4 Ne7 36.Kb5 Kc7
37.f3 Nc8 38.Kc4 Kc6 39.a4 Nd6+ 40.Kc3 Kd5 41.b3 Ke5 42.Be2 f4 43.g4 Kd5
44.Bc4+ Ke5 45.Be2 Ne8 46.Bb5 Nf6 47.Bc4 Nd7 48.Bb5 Nf8 49.Bd3 Ne6 50.Be4 Nd4
51.Kd3 Ne6 52.Kc3 Nd8 53.Ba8 Nf7 54.Be4 Kd6 55.Kd2 c4 56.bxc4 Ne5 57.Bd5 Nd7
58.Bf7 Ne5 59.Bd5 Kc5 60.Kc3 Ng6 61.Kd3 Ne5+ 62.Kc3 Ng6 63.Kd3 Kb4 64.Be4 Ne5+
65.Kd4 Nd7 66.Bc6 Nc5 67.Bb5 Nxa4 68.Bxa4 Kxa4 69.c5 Kb5 70.cxb6 Kxb6 71.Kc4 Kc6
72.h3 Kb6 73.Kd5 a4 74.Kc4 Ka5 75.c3 a3 76.Kb3 Kb5 77.Kxa3 Kc4 78.Kb2 Kd3
79.c4 Kxc4 80.Kc2  1/2-1/2

[Event "8th TCh-Eur w"]
[Site "Novi Sad SRB"]
[Date "2009.10.25"]
[Round "4"]
[White "Novkovic,J"]
[Black "Puuska,H"]
[Result "1-0"]
[WhiteElo "2077"]
[BlackElo "2020"]

1.e4 e6 2.d4 d5 3.Nd2 Nc6 4.c3 Nf6 5.e5 Nd7 6.Bd3 Ne7 7.Ne2 Nf5 8.Nf4 Nb6
9.Nb3 Bd7 10.Nh5 Qe7 11.Qg4 f6 12.exf6 gxf6 13.O-O Ng7 14.Nc5 O-O-O 15.Nxf6 Qxf6
16.Bg5 Qf7 17.Bxd8 Kxd8 18.Nxb7+ Ke8 19.Rae1 Nh5 20.f4 Rg8 21.Qf3 Bc8 22.Nc5 Bxc5
23.dxc5 Nc4 24.Qxd5 Nxf4 25.Rxf4 Qxf4 26.Bxc4 Rf8 27.Qh5+ Ke7 28.Qe2 Rf6
29.Rf1 Qg5 30.Rxf6 Kxf6 31.Qf3+ Ke7 32.b4 e5 33.Qf7+ Kd8 34.Qf8+ Kd7 35.Bb5+ c6
36.Qf7+ Kd8 37.Bxc6 Qc1+ 38.Qf1 Qxc3 39.Qf8+  1-0

[Event "17th TCh-Eur"]
[Site "Novi Sad SRB"]
[Date "2009.10.25"]
[Round "4"]
[White "Serban,V"]
[Black "Polaczek,R"]
[Result "1/2-1/2"]
[WhiteElo "2206"]
[BlackElo "2381"]

1.e4 e6 2.d4 d5 3.Nd2 a6 4.Ngf3 c5 5.exd5 exd5 6.Be2 c4 7.O-O Bd6 8.b3 cxb3
9.axb3 Ne7 10.Re1 O-O 11.Nf1 Nbc6 12.Ba3 Bxa3 13.Rxa3 Qd6 14.Ra1 Rd8 15.Ng3 Ng6
16.Bd3 Bg4 17.c3 Qf6 18.Bxg6 hxg6 19.Re3 a5 20.h3 Bxf3 21.Rxf3 Qd6 22.Qd3 Re8
23.Qb5 b6 24.Nf1 Re6 25.Ne3 Ne7 26.Rd1 Qc6 27.Qxc6 Rxc6 28.c4 Rd8 29.Kf1 Rcd6
30.Nc2 R6d7 31.Rc3 Rc8 32.Na3 dxc4 33.bxc4 Nf5 34.Nb5 Nd6 35.Nxd6 Rxd6 36.Ke2 Re8+
37.Kf1  1/2-1/2

[Event "8th TCh-Eur w"]
[Site "Novi Sad SRB"]
[Date "2009.10.25"]
[Round "4"]
[White "Bojkovic,N"]
[Black "Rajlich,I"]
[Result "1/2-1/2"]
[WhiteElo "2429"]
[BlackElo "2465"]

1.e4 e6 2.d4 d5 3.Nd2 Be7 4.Bd3 c5 5.dxc5 Nf6 6.Qe2 O-O 7.Ngf3 a5 8.O-O Na6
9.e5 Nd7 10.Nd4 Ndxc5 11.f4 Nxd3 12.cxd3 Bc5 13.Nf3 Bd7 14.Be3 f5 15.exf6 gxf6
16.Nb3 Bd6 17.Qf2 Rf7 18.d4 b6 19.f5 exf5 20.Nh4 Nb4 21.Nxf5 Bxf5 22.Qxf5 Qd7
23.Qf3 Re8 24.Bf2 Bf8 25.a3 Nc6 26.Rfe1  1/2-1/2

[Event "8th TCh-Eur w"]
[Site "Novi Sad SRB"]
[Date "2009.10.25"]
[Round "4"]
[White "Dembo,Y"]
[Black "Paehtz,E"]
[Result "0-1"]
[WhiteElo "2482"]
[BlackElo "2482"]

1.e4 e6 2.d4 d5 3.Nd2 Be7 4.e5 c5 5.Qg4 Kf8 6.dxc5 Nc6 7.Ngf3 h5 8.Qf4 g5
9.Qe3 d4 10.Qb3 g4 11.Ng1 Nxe5 12.Ne4 b6 13.f4 Bb7 14.Nd6 Bd5 15.Qa4 Nd7
16.c4 dxc3 17.Ne4 Nxc5 18.Nxc5 Bh4+ 19.Ke2 bxc5 20.bxc3 Qb6 21.Ba3 Ne7 22.c4 Be4
23.Qb3 Bf6 24.Rd1 Nf5  0-1

[Event "24th GP Open A"]
[Site "Le Touquet FRA"]
[Date "2009.10.26"]
[Round "4"]
[White "Degraeve,JM"]
[Black "Housieaux,D"]
[Result "1/2-1/2"]
[WhiteElo "2573"]
[BlackElo "2432"]

1.e4 e6 2.d4 d5 3.Nd2 Nc6 4.Ngf3 Nf6 5.e5 Nd7 6.Bd3 Nb4 7.Be2 c5 8.c3 Nc6
9.O-O Qb6 10.Bd3 cxd4 11.cxd4 Nxd4 12.Nxd4 Qxd4 13.Nf3 Qb6 14.Qa4 Qb4 15.Qc2 Nc5
16.Bd2 Qa4 17.Bxh7 Qxc2 18.Bxc2 Bd7 19.Nd4 Be7 20.Rfe1 Rh5 21.f4 Na4 22.g3 Rh8
23.b3 Rc8 24.Rec1 Bc5 25.Be3 Nc3 26.Bd3 Ba3 27.Rc2 Ke7 28.Re1 Ne4 29.Bxe4 dxe4
30.Bf2 Bc5 31.Nf5+ exf5 32.Bxc5+ Ke8 33.Rec1 a6 34.h4 Rh6 35.Bd6 Rxc2 36.Rxc2 Bc6
37.Kf2 Rg6 38.Rc3 Kd7 39.a4 Kd8 40.Bf8 Ke8 41.Bc5 Bd7 42.Bd6 Bc6 43.b4 e3+
44.Rxe3 Bxa4 45.Rc3 Bc6 46.b5 axb5 47.Ra3 Bd5 48.Ra5 Bc4 49.Ra8+ Kd7 50.Rh8 b4
51.Bxb4 Rb6 52.Bc3 g6 53.h5  1/2-1/2

[Event "17th TCh-Eur"]
[Site "Novi Sad SRB"]
[Date "2009.10.26"]
[Round "5"]
[White "Balogh,C"]
[Black "Kindermann,S"]
[Result "1-0"]
[WhiteElo "2620"]
[BlackElo "2529"]

1.e4 e6 2.d4 d5 3.Nd2 Be7 4.c3 c5 5.dxc5 Bxc5 6.Nb3 Bb6 7.exd5 exd5 8.Qe2+ Ne7
9.Be3 Nbc6 10.Bxb6 Qxb6 11.Qb5 Qc7 12.Nf3 O-O 13.Be2 a5 14.Nbd4 a4 15.a3 b6
16.Qd3 Ba6 17.Qd2 Bxe2 18.Qxe2 Rfe8 19.O-O Nf5 20.Qd3 Ncxd4 21.Nxd4 Nxd4
22.Qxd4 Re2 23.Rfe1 Rxb2 24.c4 Rc2 25.cxd5 Qc5 26.Rad1 Qxd4 27.Rxd4 Kf8 28.d6 Rd8
29.g3 Rc6 30.Red1 Ke8 31.Kg2 Kd7 32.Rf4 Rf8 33.Rxa4 Rxd6 34.Ra7+ Ke6 35.Rb1 g6
36.Rb3 h5 37.Rb7 Ke5 38.Rb5+ Ke6 39.R5xb6 Rxb6 40.Rxb6+ Ke5 41.a4 Ra8 42.Rb5+ Ke6
43.a5 Kd6 44.f4 Kc6 45.Rb6+ Kc5 46.Rf6 Rxa5 47.Rxf7 Kd4 48.Re7 g5 49.fxg5 Rxg5
50.Kh3  1-0

[Event "8th TCh-Eur w"]
[Site "Novi Sad SRB"]
[Date "2009.10.27"]
[Round "6"]
[White "Sebag,M"]
[Black "Danielian,E"]
[Result "1-0"]
[WhiteElo "2519"]
[BlackElo "2489"]

1.e4 e6 2.d4 d5 3.Nd2 a6 4.Ngf3 Nf6 5.e5 Nfd7 6.Bd3 c5 7.c3 Nc6 8.O-O g5
9.Bb1 g4 10.Ne1 h5 11.Nb3 a5 12.f4 a4 13.Nxc5 Nxc5 14.dxc5 Bxc5+ 15.Kh1 Bd7
16.Qe2 d4 17.Be4 a3 18.Nc2 axb2 19.Bxb2 dxc3 20.Bxc3 Ra4 21.a3 Qc7 22.Nb4 Nd4
23.Qd1 Nb5 24.Bb2 Ra5 25.f5 Bxb4 26.fxe6 Bxe6 27.axb4 Rxa1 28.Bxa1 Qc4 29.Re1 h4
30.Qd2 h3 31.g3 Nc7 32.Bxb7 Qb5 33.Be4 Rh5 34.Rd1 Kf8 35.Qd6+ Kg7 36.Qxc7 Rf5
37.Bxf5 Qe2 38.Qc2 Qf3+ 39.Kg1 Bxf5 40.Qd2 Kh7 41.Rf1 Qe4 42.Re1 Qb7 43.e6 fxe6
44.Qb2 Kg8 45.Qg7+ Qxg7 46.Bxg7 Kxg7 47.b5 Bd3 48.b6  1-0

[Event "17th TCh-Eur"]
[Site "Novi Sad SRB"]
[Date "2009.10.27"]
[Round "6"]
[White "Roganovic,Milo"]
[Black "Polaczek,R"]
[Result "1-0"]
[WhiteElo "2474"]
[BlackElo "2381"]

1.e4 e6 2.d4 d5 3.Nd2 a6 4.Ngf3 c5 5.exd5 exd5 6.Be2 c4 7.b3 cxb3 8.axb3 Nc6
9.O-O Bd6 10.c4 Nge7 11.cxd5 Nxd5 12.Bc4 Nce7 13.Ne4 Bb4 14.Bg5 O-O 15.Ra4 f6
16.Bd2 Bxd2 17.Qxd2 Bg4 18.Be2 Re8 19.Nc5 Qb6 20.Re1 Rad8 21.h3 Bh5 22.Nh4 Bf7
23.Bc4 Nc6 24.Raa1 Ndb4 25.Rxe8+ Rxe8 26.Bxf7+ Kxf7 27.Nf5 Ne7 28.Na4 Qe6
29.Nxg7 Kxg7 30.Qxb4 Qc6 31.Qc5  1-0